| 000 | 00686nam a2200193 i 4500 | ||
|---|---|---|---|
| 001 | 52708 | ||
| 003 | ES-MaACL | ||
| 005 | 20230906162630.0 | ||
| 007 | t| | ||
| 008 | 030903s1916 fr ||||1| fre d | ||
| 100 | 1 |
_aDebidour, Antoine. _943123 |
|
| 245 | 1 | 0 |
_aHistoire diplomatique de l'Euripe depuis de Congres de Berlin jusquáa nos jours / _cpar Antoine Debidour. |
| 260 |
_a[S.l. : _bs.n., _c1916] ( _eCoulommiers : _fP. Brodard) |
||
| 300 |
_a2 v. ; _c23 cm. |
||
| 505 | 8 | _aContiene: I: La paix armée (1878-1904). -- II: Vers la grande guerre (1904-1916) | |
| 740 | 3 | _aLa paix armée (1878-1904) | |
| 740 | 0 | _aVers la grande guerre (1878-1904) | |
| 852 |
_aES-MaACL _jF-8938-39 |
||
| 999 |
_c52708 _d52708 |
||